000 00734nam a2200289Ia 4500
005 20260324113940.0
008 008 260324s9999 xx 000 0 eng d
020 _a9781003454878
037 _aEBOOK
040 _aCRL
040 _beng
040 _cCRL
041 _2eng
041 _aeng
084 _qCRL
100 _aHemachandran K; Raul V. Rodriguez
_91148461
245 4 _aThe Business of the Metaverse
245 0 _bHow to Maintain the Human Element Within this New Business Reality
260 _bTaylor and Francis
260 _c2023
365 _a
365 _b255
856 _uhttp://www.taylorfrancis.com/books/9781003454878
942 _cEBOOK
999 _c1738739
_d1738739